Decarbonizing Power Generation Sectors Using Biomass and Hydrogen-Based Fuels (Record no. 44010)

MARC details
001 - CONTROL NUMBER
control field 0000
003 - CONTROL NUMBER IDENTIFIER
control field 0000
005 - DATE AND TIME OF LATEST TRANSACTION
control field 20251121124420.0
020 ## - INTERNATIONAL STANDARD BOOK NUMBER
International Standard Book Number 9789819793594
040 ## - CATALOGING SOURCE
Description conventions rda
050 ## - LIBRARY OF CONGRESS CALL NUMBER
Classification number TP 359 .D43
100 ## - MAIN ENTRY--PERSONAL NAME
Personal name Darmawan, Arif
245 ## - TITLE STATEMENT
Title Decarbonizing Power Generation Sectors Using Biomass and Hydrogen-Based Fuels
Remainder of title A roadmap to sustainable energy transformation
Statement of responsibility, etc Edited by Arif Darmawan, Eniya Listiani Dewi, Hariana Hariana and Muhammad Aziz
264 ## - PUBLICATION, DISTRIBUTION, ETC. (IMPRINT)
Place of publication, distribution, etc Singapore
Name of publisher, distributor, etc Springer
Date of publication, distribution, etc 2025
300 ## - PHYSICAL DESCRIPTION
Extent viii, 295p. ill.
336 ## - CONTENT TYPE
Source rdacontent
338 ## - CARRIER TYPE
Source rdacarrier
490 ## - SERIES STATEMENT
Series statement Green Energy and Technology
504 ## - BIBLIOGRAPHY, ETC. NOTE
Bibliography, etc Includes References
650 ## - SUBJECT ADDED ENTRY--TOPICAL TERM
Topical term or geographic name as entry element Decarbonization
Form subdivision Energy transition.
General subdivision Biomass energy
651 ## - SUBJECT ADDED ENTRY--GEOGRAPHIC NAME
Form subdivision Renewable energy sources
General subdivision Power plants
942 ## - ADDED ENTRY ELEMENTS (KOHA)
Source of classification or shelving scheme Library of Congress Classification
Koha item type Books
Holdings
Withdrawn status Lost status Source of classification or shelving scheme Damaged status Not for loan Permanent Location Current Location Date acquired Total Checkouts Full call number Barcode Date last seen Price effective from Koha item type
    Library of Congress Classification     NILE UNIVERSITY OF NIGERIA - MAIN LIBRARY NILE UNIVERSITY OF NIGERIA - MAIN LIBRARY 11/21/2025   TP 359 .D43 2025 0199447 11/21/2025 11/21/2025 Books